| 000 | 00366nam a2200145Ia 4500 | ||
|---|---|---|---|
| 008 | 220216s9999 xx 000 0 und d | ||
| 100 | _aNarayanan P K | ||
| 245 | 0 | _aPuncture tapping of rubber trees for early yield | |
| 260 |
_bRubber Board Bulletin _c1986 |
||
| 300 | _a6-May | ||
| 650 | _aPuncture tapping | ||
| 650 | _aRubber | ||
| 650 | _aYield | ||
| 942 | _cJS | ||
| 999 |
_c66100 _d66100 |
||